000 00438nam a22001697a 4500
005 20180810105704.0
008 160517b xxu||||| |||| 00| 0 eng d
020 _a81-85386-17-x
041 _aeng
082 _b2580
_a658.3
100 _aMilkovich, George T. and Boudereu, John W.
_94747
245 _aPersonnel Human Resource Management
260 _aDelhi
_bAITB.
_c2004
300 _a833p,
650 _aManagement
_9241
942 _cBK
999 _c950
_d950